=LDR 00000nam 2200000 4500 =001 INLIS000000000010670 =005 20130612102311 =008 ***********************************Ind** =035 ##$$0010-061300000010670 =041 ##$$a Ind =082 ##$$a 398.204 =090 ##$$a 398.204, Lob k =100 ##$$a Lobel, Arnold =245 ##$$a Kumpulan cerita anak, tiga katak di ujung pelangi, Arnold Lobel =260 ##$$a 2003 $b Yogyakarta =300 ##$$a 71 hlm., Ilus., 25 cm =650 ##$$a Dongeng-Kumpulan =850 ##$$a NBPNMAT